000
00323nam a22001337a 4500
020
_a
978-93-5187-269-6
082
_a
9869
_b
425
100
_a
BALASUBRAMANIAN, JAYASRI
245
_a
A HAND BOOK ON ENGLISH GRAMMAR & COMPREHENSION
260
_b
UNIQUE PUBLISHERS
300
_a
247
650
_a
ENGLISH GRAMMAR
942
_c
BK
999
_c
3755
_d
3755